[Event "BLR-ch 80th"]
[Site "Minsk"]
[Date "2014.01.19"]
[Round "13"]
[White "Zhigalko, Sergei"]
[Black "Kocheev, Aleksandr"]
[Result "1-0"]
[WhiteElo "2682"]
[BlackElo "2391"]
[PlyCount "119"]
[EventDate "2014.01.07"]
[EventType "tourn"]
[EventRounds "13"]
[EventCountry "BLR"]
[EventCategory "9"]
[SourceTitle "CBM 158 Extra"]
[Source "ChessBase"]
[SourceDate "2014.02.28"]
[SourceVersion "1"]
[SourceVersionDate "2014.02.28"]
[SourceQuality "1"]

1. e4 e5 2. Nf3 Nc6 3. Bc4 Bc5 4. O-O Nf6 5. d3 O-O 6. Nbd2 d6 7. c3 a6 8. Bb3 Ba7 9. h3 Ne7 10. Re1 Ng6 11. Nf1 c6 12. Ng3 h6 13. d4 Re8 14. Be3 Be6 15. Bxe6 fxe6 16. a4 Qc7 17. a5 Rad8 18. Qb3 exd4 19. cxd4 d5 20. e5 Nh7 21. Qc2 Qf7 22. b4 Rf8 23. Ra3 Ne7 24. Qe2 Nf5 25. Rd3 Nxg3 26. fxg3 Qg6 27. g4 Rd7 28. Bd2 Qe8 29. Kh1 g5 30. Kg1 Qg6 31. Kf2 Rdf7 32. Rh1 Qe4 33. Ke1 Rd8 34. Kd1 Rdf8 35. Ke1 Bb8 36. h4 Rg7 37. hxg5 hxg5 38. Rh6 Qxg4 39. Nh2 Qf5 40. g4 Qf7 41. Rdh3 Qe7 42. Nf3 Rff7 43. Qd3 Kf8 44. Ke2 Ke8 45. Qb1 Ba7 46. R3h5 Kd7 47. b5 axb5 48. Bb4 c5 49. Bxc5 Bxc5 50. Qxb5+ Kc8 51. dxc5 Qd7 52. Qb6 Nf8 53. Rh8 d4 54. c6 d3+ 55. Kd2 Qxc6 56. Qxc6+ bxc6 57. Nxg5 Rf2+ 58. Ke3 Rf1 59. Nxe6 Rgf7 60. Rf5 1-0

[Event "Minsk Bronstein Memorial op-A"]
[Site "Minsk"]
[Date "2014.02.11"]
[Round "1"]
[White "Zhigalko, Sergei"]
[Black "Chos, Alexey"]
[Result "1-0"]
[WhiteElo "2661"]
[BlackElo "2411"]
[PlyCount "83"]
[EventDate "2014.02.11"]
[EventType "swiss (rapid)"]
[EventRounds "9"]
[EventCountry "BLR"]
[SourceTitle "CBM 158 Extra"]
[Source "ChessBase"]
[SourceDate "2014.02.28"]
[SourceVersion "1"]
[SourceVersionDate "2014.02.28"]
[SourceQuality "1"]

1. e4 c5 2. Nf3 Nc6 3. Bb5 e6 4. O-O Nge7 5. c3 a6 6. Ba4 b5 7. Bc2 d5 8. e5 d4 9. Be4 Ra7 10. d3 Rd7 11. cxd4 cxd4 12. a4 b4 13. Nbd2 Na5 14. Re1 Bb7 15. Nb3 Nec6 16. Nbd2 Qb6 17. b3 Be7 18. h4 h6 19. h5 Bc5 20. Nc4 Nxc4 21. bxc4 Na5 22. Nd2 Qd8 23. Bxb7 Rxb7 24. Ne4 Bf8 25. Qg4 Nb3 26. Rb1 Nxc1 27. Rexc1 Qc7 28. Nd6+ Bxd6 29. exd6 Qxd6 30. Qxg7 Rf8 31. c5 Qc6 32. Rc4 b3 33. Rxd4 Ke7 34. Rf4 Qxc5 35. Qf6+ Ke8 36. Rc4 Qe7 37. Qc3 Qa3 38. Rc8+ Ke7 39. Rxf8 Qa2 40. Qc5+ Kf6 41. Re1 b2 42. Qd4+ 1-0

[Event "Minsk Bronstein Memorial op-A"]
[Site "Minsk"]
[Date "2014.02.12"]
[Round "2"]
[White "Gabuzyan, Hovhannes"]
[Black "Zhigalko, Sergei"]
[Result "0-1"]
[WhiteElo "2534"]
[BlackElo "2661"]
[PlyCount "114"]
[EventDate "2014.02.11"]
[EventType "swiss (rapid)"]
[EventRounds "9"]
[EventCountry "BLR"]
[SourceTitle "CBM 158 Extra"]
[Source "ChessBase"]
[SourceDate "2014.02.28"]
[SourceVersion "1"]
[SourceVersionDate "2014.02.28"]
[SourceQuality "1"]

1. c4 e5 2. Nc3 Nf6 3. g3 Bb4 4. Bg2 O-O 5. e4 Nc6 6. Nge2 Bc5 7. O-O d6 8. h3 a5 9. d3 Nd4 10. Kh2 c6 11. Nxd4 Bxd4 12. Ne2 Bc5 13. f4 h6 14. Bd2 Re8 15. Qc1 Bd7 16. b3 Qe7 17. a3 Nh7 18. Qb2 a4 19. b4 Ba7 20. Bc3 b5 21. cxb5 cxb5 22. d4 f6 23. Rad1 Nf8 24. Bf3 Rac8 25. dxe5 dxe5 26. fxe5 fxe5 27. Rd5 Bb8 28. Bh5 g6 29. Bg4 Bxg4 30. hxg4 Nh7 31. Rxb5 Nf6 32. Rb6 Rf8 33. Kh3 Kh7 34. b5 Bd6 35. Rxd6 Nxe4 36. Rdd1 Rf2 37. Bd2 Rxe2 38. Qa2 Nf2+ 39. Rxf2 Rxf2 40. Bb4 Rxa2 41. Bxe7 Rcc2 42. g5 h5 43. Rh1 Rab2 44. Bb4 Kg8 45. b6 Rc6 46. Re1 Rxb6 47. Rxe5 Rb7 48. Re8+ Kf7 49. Rf8+ Kg7 50. Rf4 Rc2 51. Bf8+ Kg8 52. Bh6 Ra2 53. Rf8+ Kh7 54. Rf3 Rd7 55. g4 Rb7 56. Kh4 Rh2+ 57. Kg3 Rb3 0-1

[Event "Minsk Bronstein Memorial op-A"]
[Site "Minsk"]
[Date "2014.02.13"]
[Round "3"]
[White "Zhigalko, Sergei"]
[Black "Bernadskiy, Vitaliy"]
[Result "1/2-1/2"]
[WhiteElo "2661"]
[BlackElo "2565"]
[PlyCount "43"]
[EventDate "2014.02.11"]
[EventType "swiss (rapid)"]
[EventRounds "9"]
[EventCountry "BLR"]
[SourceTitle "CBM 158 Extra"]
[Source "ChessBase"]
[SourceDate "2014.02.28"]
[SourceVersion "1"]
[SourceVersionDate "2014.02.28"]
[SourceQuality "1"]

1. e4 c6 2. d4 d5 3. e5 c5 4. dxc5 Nc6 5. Nf3 Bg4 6. c3 e6 7. Be3 a6 8. Nbd2 Nxe5 9. Be2 Nxf3+ 10. Nxf3 Nf6 11. Bd4 Be7 12. Bxf6 Bxf3 13. Bxg7 Bxe2 14. Qxe2 Rg8 15. Be5 Bxc5 16. g3 Qg5 17. Rd1 Qf5 18. O-O Rg4 19. Bd4 Bxd4 20. cxd4 Rc8 21. Rd3 h5 22. Rc3 1/2-1/2

[Event "Minsk Bronstein Memorial op-A"]
[Site "Minsk"]
[Date "2014.02.14"]
[Round "4"]
[White "Fier, Alexandr"]
[Black "Zhigalko, Sergei"]
[Result "0-1"]
[WhiteElo "2587"]
[BlackElo "2661"]
[PlyCount "72"]
[EventDate "2014.02.11"]
[EventType "swiss (rapid)"]
[EventRounds "9"]
[EventCountry "BLR"]
[SourceTitle "CBM 158 Extra"]
[Source "ChessBase"]
[SourceDate "2014.02.28"]
[SourceVersion "1"]
[SourceVersionDate "2014.02.28"]
[SourceQuality "1"]

1. e4 c5 2. Nf3 Nc6 3. Nc3 e5 4. Bc4 Be7 5. d3 d6 6. O-O Nf6 7. h3 O-O 8. Ne2 a6 9. a4 d5 10. exd5 Nxd5 11. Ng3 Be6 12. Re1 f6 13. c3 Kh8 14. Qe2 Rc8 15. Nh4 Qd7 16. Ngf5 Rfe8 17. Qf3 g5 18. d4 cxd4 19. Bd3 Bf8 20. Re4 dxc3 21. bxc3 gxh4 22. Rxh4 Nf4 23. Nd6 Nxd3 24. Nxc8 Rxc8 25. Qxf6+ Bg7 26. Qg5 Nxc1 27. Rxc1 Rf8 28. Qh5 Bf6 29. Re4 Qf7 30. Qxf7 Rxf7 31. Rd1 Be7 32. f3 Bc5+ 33. Kh2 Kg7 34. h4 Kf8 35. Rf1 Bf5 36. Ree1 Bd3 0-1

[Event "Minsk Bronstein Memorial op-A"]
[Site "Minsk"]
[Date "2014.02.15"]
[Round "5"]
[White "Zhigalko, Sergei"]
[Black "Tiviakov, Sergei"]
[Result "1/2-1/2"]
[WhiteElo "2661"]
[BlackElo "2639"]
[PlyCount "71"]
[EventDate "2014.02.11"]
[EventType "swiss (rapid)"]
[EventRounds "9"]
[EventCountry "BLR"]
[SourceTitle "CBM 158 Extra"]
[Source "ChessBase"]
[SourceDate "2014.02.28"]
[SourceVersion "1"]
[SourceVersionDate "2014.02.28"]
[SourceQuality "1"]

1. e4 c5 2. Nf3 Nc6 3. Bb5 d6 4. O-O Bd7 5. Re1 Nf6 6. c3 a6 7. Bf1 Bg4 8. h3 Bxf3 9. Qxf3 g6 10. d3 Bg7 11. Be3 O-O 12. Nd2 Nd7 13. Qd1 b5 14. Nf3 Nce5 15. Nxe5 Nxe5 16. a4 Rb8 17. Ra2 Nc6 18. axb5 axb5 19. d4 cxd4 20. cxd4 d5 21. e5 e6 22. Qd2 Rb6 23. Rc1 Qb8 24. b4 Rc8 25. Rac2 Na7 26. Rxc8+ Nxc8 27. Bh6 Bxh6 28. Qxh6 Na7 29. h4 Rc6 30. Ra1 Qb6 31. Qd2 h5 32. Ra3 Rc8 33. Be2 Qc7 34. Kh2 Qe7 35. g3 Nc6 36. Rb3 1/2-1/2

[Event "Minsk Bronstein Memorial op-A"]
[Site "Minsk"]
[Date "2014.02.18"]
[Round "8"]
[White "Korneev, Oleg"]
[Black "Zhigalko, Sergei"]
[Result "1/2-1/2"]
[WhiteElo "2631"]
[BlackElo "2661"]
[PlyCount "43"]
[EventDate "2014.02.11"]
[EventType "swiss (rapid)"]
[EventRounds "9"]
[EventCountry "BLR"]
[SourceTitle "CBM 158 Extra"]
[Source "ChessBase"]
[SourceDate "2014.02.28"]
[SourceVersion "1"]
[SourceVersionDate "2014.02.28"]
[SourceQuality "1"]

1. e4 e5 2. Nf3 Nc6 3. Bc4 Bc5 4. O-O Nf6 5. d3 d6 6. c3 a6 7. Bb3 Ba7 8. Nbd2 O-O 9. h3 Nh5 10. Nc4 Qf6 11. Ne3 Nf4 12. Nd5 Nxd5 13. exd5 Nb8 14. d4 exd4 15. cxd4 h6 16. g4 c6 17. Qd3 cxd5 18. Bc2 Qg6 19. Qb3 Qf6 20. Qd3 Qg6 21. Qb3 Qf6 22. Qd3 1/2-1/2

[Event "Minsk Bronstein Memorial op-A"]
[Site "Minsk"]
[Date "2014.02.19"]
[Round "9"]
[White "Zhigalko, Sergei"]
[Black "Ponkratov, Pavel"]
[Result "1-0"]
[WhiteElo "2661"]
[BlackElo "2611"]
[PlyCount "51"]
[EventDate "2014.02.11"]
[EventType "swiss (rapid)"]
[EventRounds "9"]
[EventCountry "BLR"]
[SourceTitle "CBM 158 Extra"]
[Source "ChessBase"]
[SourceDate "2014.02.28"]
[SourceVersion "1"]
[SourceVersionDate "2014.02.28"]
[SourceQuality "1"]

1. e4 e6 2. d4 d5 3. Nc3 Nf6 4. e5 Nfd7 5. f4 c5 6. Nf3 Nc6 7. Be3 a6 8. Qd2 b5 9. dxc5 Bxc5 10. Bd3 d4 11. Nxd4 Nxd4 12. Ne4 Bb7 13. Bxd4 Bxd4 14. Nd6+ Kf8 15. Nxb7 Qe7 16. O-O-O Nb6 17. Nd6 Nd5 18. Rhe1 Qa7 19. Be4 Be3 20. Rxe3 Nxe3 21. Nxb5 axb5 22. Bxa8 g6 23. Qd8+ Kg7 24. Qf6+ Kh6 25. Qxh8 Nxd1 26. Qf8+ 1-0

[Event "Agzamov Memorial 08th"]
[Site "Tashkent"]
[Date "2014.05.15"]
[Round "1"]
[White "Zhigalko, Sergei"]
[Black "Tokhirjonova, Gulruhbegim"]
[Result "1-0"]
[WhiteElo "2675"]
[BlackElo "2116"]
[PlyCount "81"]
[EventDate "2014.05.15"]
[EventType "swiss"]
[EventRounds "9"]
[EventCountry "UZB"]
[SourceTitle "CBM 160 Extra"]
[Source "ChessBase"]
[SourceDate "2014.07.01"]
[SourceVersion "1"]
[SourceVersionDate "2014.07.01"]
[SourceQuality "1"]

1. e4 e5 2. Nf3 Nc6 3. Bb5 a6 4. Ba4 Nf6 5. O-O Be7 6. Re1 b5 7. Bb3 O-O 8. a4 b4 9. d3 d6 10. a5 Rb8 11. Bc4 h6 12. Nbd2 Re8 13. Nf1 Bf8 14. Ne3 Ne7 15. c3 c6 16. Qa4 d5 17. Ba2 Qd6 18. Bd2 bxc3 19. Bxc3 Ng6 20. exd5 cxd5 21. Nxd5 Bb7 22. Nxf6+ Qxf6 23. Qg4 Rbd8 24. Bc4 Bd6 25. Nd2 h5 26. Qd1 Bc5 27. Ne4 Bxe4 28. Rxe4 Qxf2+ 29. Kh1 Rd6 30. Qf1 Qf6 31. b4 Ba7 32. g3 Re7 33. Qe2 Qg5 34. Bd2 Qf5 35. Rf1 Qh3 36. Qg2 Qd7 37. Bg5 Ree6 38. Qf3 Rf6 39. Bxf6 gxf6 40. Qxh5 Kg7 41. Qf3 1-0

[Event "Agzamov Memorial 08th"]
[Site "Tashkent"]
[Date "2014.05.16"]
[Round "2"]
[White "Anarkulov, Alisher"]
[Black "Zhigalko, Sergei"]
[Result "0-1"]
[WhiteElo "2225"]
[BlackElo "2675"]
[PlyCount "60"]
[EventDate "2014.05.15"]
[EventType "swiss"]
[EventRounds "9"]
[EventCountry "UZB"]
[SourceTitle "CBM 160 Extra"]
[Source "ChessBase"]
[SourceDate "2014.07.01"]
[SourceVersion "1"]
[SourceVersionDate "2014.07.01"]
[SourceQuality "1"]

1. d4 Nf6 2. Nf3 e6 3. e3 b6 4. c4 Bb7 5. Nc3 d5 6. cxd5 exd5 7. Bd3 Bd6 8. O-O O-O 9. Bd2 Re8 10. Rc1 a6 11. Bb1 Nbd7 12. Ng5 h6 13. Nh3 Rc8 14. Ne2 c5 15. Ng3 Ne4 16. Nf5 Bf8 17. dxc5 bxc5 18. Bc3 Nxc3 19. Rxc3 g6 20. Ng3 Bg7 21. Rc2 Qh4 22. Nf4 d4 23. Qd2 Be5 24. Rfc1 Rcd8 25. Rc4 dxe3 26. Qxe3 Bd4 27. Qd2 Ne5 28. h3 Nf3+ 29. gxf3 Qxg3+ 30. Kf1 Qxf3 0-1

[Event "Agzamov Memorial 08th"]
[Site "Tashkent"]
[Date "2014.05.17"]
[Round "3"]
[White "Zhigalko, Sergei"]
[Black "Khamrakulov, Djurabek"]
[Result "1-0"]
[WhiteElo "2675"]
[BlackElo "2449"]
[PlyCount "105"]
[EventDate "2014.05.15"]
[EventType "swiss"]
[EventRounds "9"]
[EventCountry "UZB"]
[SourceTitle "CBM 160 Extra"]
[Source "ChessBase"]
[SourceDate "2014.07.01"]
[SourceVersion "1"]
[SourceVersionDate "2014.07.01"]
[SourceQuality "1"]

1. e4 e5 2. Nf3 Nf6 3. Nxe5 d6 4. Nf3 Nxe4 5. Nc3 Nxc3 6. dxc3 Be7 7. Be3 Nc6 8. Qd2 Be6 9. O-O-O Qd7 10. Kb1 Bf6 11. h4 h6 12. Nd4 Nxd4 13. Bxd4 Bxd4 14. Qxd4 O-O 15. f3 Qc6 16. Bd3 Rfe8 17. Be4 Qb6 18. b3 Qxd4 19. cxd4 d5 20. Bd3 g6 21. g4 Kg7 22. a4 a5 23. Kc1 f5 24. g5 Bf7 25. Kd2 Re7 26. Rde1 Rae8 27. Rxe7 Rxe7 28. f4 h5 29. b4 axb4 30. a5 c6 31. Rb1 Be8 32. Rxb4 Kf7 33. c4 dxc4 34. Bxc4+ Kf8 35. Rb6 Rc7 36. Kc3 Ke7 37. Rb1 Rd7 38. Re1+ Kd8 39. Re6 Bf7 40. Rf6 Be8 41. Be6 Rd6 42. Bg8 Rd7 43. Kc4 Re7 44. Rd6+ Kc7 45. Re6 Rxe6 46. Bxe6 Kd6 47. Bg8 Bd7 48. Bf7 Be6+ 49. Bxe6 Kxe6 50. Kc5 Kd7 51. d5 cxd5 52. Kxd5 Kc7 53. Ke6 1-0

[Event "Agzamov Memorial 08th"]
[Site "Tashkent"]
[Date "2014.05.18"]
[Round "4"]
[White "Filippov, Anton"]
[Black "Zhigalko, Sergei"]
[Result "1/2-1/2"]
[WhiteElo "2619"]
[BlackElo "2675"]
[PlyCount "20"]
[EventDate "2014.05.15"]
[EventType "swiss"]
[EventRounds "9"]
[EventCountry "UZB"]
[SourceTitle "CBM 160 Extra"]
[Source "ChessBase"]
[SourceDate "2014.07.01"]
[SourceVersion "1"]
[SourceVersionDate "2014.07.01"]
[SourceQuality "1"]

1. e4 c5 2. Nf3 Nc6 3. Bb5 e6 4. O-O Nge7 5. Nc3 a6 6. Bxc6 Nxc6 7. d4 cxd4 8. Nxd4 Qc7 9. Re1 Bd6 10. Kh1 Nxd4 1/2-1/2

[Event "Agzamov Memorial 08th"]
[Site "Tashkent"]
[Date "2014.05.20"]
[Round "6"]
[White "Zhigalko, Sergei"]
[Black "Mchedlishvili, Mikheil"]
[Result "1/2-1/2"]
[WhiteElo "2675"]
[BlackElo "2621"]
[PlyCount "43"]
[EventDate "2014.05.15"]
[EventType "swiss"]
[EventRounds "9"]
[EventCountry "UZB"]
[SourceTitle "CBM 160 Extra"]
[Source "ChessBase"]
[SourceDate "2014.07.01"]
[SourceVersion "1"]
[SourceVersionDate "2014.07.01"]
[SourceQuality "1"]

1. e4 c5 2. Nf3 d6 3. d4 cxd4 4. Nxd4 Nf6 5. Nc3 g6 6. Be3 Bg7 7. f3 O-O 8. Qd2 Nc6 9. Bc4 Bd7 10. O-O-O Rc8 11. Bb3 Ne5 12. Kb1 a6 13. h4 h5 14. g4 hxg4 15. h5 Nxh5 16. Rdg1 Rc5 17. Bh6 Kh7 18. Bxg7 Kxg7 19. fxg4 Nxg4 20. Nd5 Rh8 21. Nf5+ Bxf5 22. exf5 1/2-1/2

[Event "Agzamov Memorial 08th"]
[Site "Tashkent"]
[Date "2014.05.21"]
[Round "7"]
[White "Gupta, Abhijeet"]
[Black "Zhigalko, Sergei"]
[Result "1-0"]
[WhiteElo "2619"]
[BlackElo "2675"]
[PlyCount "115"]
[EventDate "2014.05.15"]
[EventType "swiss"]
[EventRounds "9"]
[EventCountry "UZB"]
[SourceTitle "CBM 160 Extra"]
[Source "ChessBase"]
[SourceDate "2014.07.01"]
[SourceVersion "1"]
[SourceVersionDate "2014.07.01"]
[SourceQuality "1"]

1. d4 Nf6 2. c4 e6 3. g3 c5 4. d5 exd5 5. cxd5 d6 6. Nc3 g6 7. Bg2 Bg7 8. Nf3 O-O 9. O-O Re8 10. Bf4 Na6 11. Re1 Bf5 12. Nd2 Nh5 13. e4 Nxf4 14. gxf4 Bd7 15. Nc4 Qf6 16. e5 Qxf4 17. Re4 Qh6 18. e6 fxe6 19. Nxd6 Re7 20. dxe6 Bc6 21. Nf7 Qh5 22. Bf3 Qf5 23. Bg4 Qf6 24. Nd5 Bxd5 25. Qxd5 Rae8 26. Rae1 Qxb2 27. R1e3 Qc1+ 28. Kg2 Nb4 29. Qd6 Nc2 30. Re2 Nd4 31. Re1 Qc2 32. h4 Qxa2 33. h5 Qa6 34. h6 Bh8 35. Qxc5 Qc6 36. Qxc6 Nxc6 37. f4 Bf6 38. f5 gxf5 39. Bxf5 Nd4 40. Bh3 Kf8 41. Rf1 Rxf7 42. Rxd4 Bxd4 43. Rxf7+ Kg8 44. Bf5 Bc5 45. Rg7+ Kf8 46. Rxh7 a5 47. Rxb7 Be7 48. Bg6 Rd8 49. h7 Kg7 50. Rxe7+ Kxg6 51. Rb7 a4 52. Kf3 a3 53. Ra7 Kf6 54. Kg4 a2 55. Rxa2 Kxe6 56. Kg5 Kf7 57. Ra7+ Ke6 58. Kg6 1-0

[Event "Agzamov Memorial 08th"]
[Site "Tashkent"]
[Date "2014.05.22"]
[Round "8"]
[White "Egin, Vladimir"]
[Black "Zhigalko, Sergei"]
[Result "1/2-1/2"]
[WhiteElo "2395"]
[BlackElo "2675"]
[PlyCount "37"]
[EventDate "2014.05.15"]
[EventType "swiss"]
[EventRounds "9"]
[EventCountry "UZB"]
[SourceTitle "CBM 160 Extra"]
[Source "ChessBase"]
[SourceDate "2014.07.01"]
[SourceVersion "1"]
[SourceVersionDate "2014.07.01"]
[SourceQuality "1"]

1. e4 c5 2. Nf3 d6 3. Bb5+ Nd7 4. O-O a6 5. Bd3 Ngf6 6. c3 b5 7. Bc2 Bb7 8. Re1 e6 9. d4 Be7 10. e5 Nd5 11. Nbd2 cxd4 12. exd6 Bxd6 13. Ne4 Be7 14. Nxd4 N7f6 15. Bg5 Qd7 16. Qd3 Rf8 17. a4 b4 18. Bd2 O-O-O 19. Bb3 1/2-1/2

[Event "Wch Rapid"]
[Site "Dubai"]
[Date "2014.06.16"]
[Round "4"]
[White "Zhigalko, Sergei"]
[Black "Anton Guijarro, David"]
[Result "0-1"]
[WhiteElo "2678"]
[BlackElo "2631"]
[PlyCount "102"]
[EventDate "2014.06.16"]
[EventType "swiss (rapid)"]
[EventRounds "15"]
[EventCountry "UAE"]
[SourceTitle "CBM 160 Extra"]
[Source "ChessBase"]
[SourceDate "2014.07.01"]
[SourceVersion "1"]
[SourceVersionDate "2014.07.01"]
[SourceQuality "1"]

1. e4 g6 2. d4 Bg7 3. Nc3 c6 4. Nf3 d6 5. Be3 Nf6 6. h3 O-O 7. a4 Qc7 8. a5 e5 9. dxe5 dxe5 10. Bc4 Nh5 11. O-O Qe7 12. Qb1 Nf4 13. Re1 g5 14. Nh2 Na6 15. Qa2 Be6 16. Bxe6 fxe6 17. Rad1 Kh8 18. Rd2 Qf7 19. Red1 Nb4 20. Qb3 Nbd5 21. exd5 exd5 22. Bxf4 gxf4 23. Nxd5 cxd5 24. Qxd5 Qg6 25. Re2 Qa6 26. c4 Rac8 27. b3 b5 28. axb6 Qxb6 29. Qf3 Rb8 30. Rd3 a5 31. Ng4 a4 32. bxa4 Qb1+ 33. Kh2 Qa1 34. Red2 e4 35. Qxe4 Rb1 36. Rd1 Rxd1 37. Rxd1 Qxd1 38. Ne5 Qxa4 39. Nf3 Qd7 40. c5 Rc8 41. Ng5 Bf6 42. Qxf4 Qc7 43. Qxc7 Rxc7 44. Ne4 Be7 45. g3 Bxc5 46. Kg2 Kg7 47. h4 Be7 48. Kf3 Kg6 49. Kg4 h5+ 50. Kh3 Kf5 51. f3 Rc2 0-1

[Event "Wch Rapid"]
[Site "Dubai"]
[Date "2014.06.16"]
[Round "5"]
[White "Andriasian, Zaven"]
[Black "Zhigalko, Sergei"]
[Result "0-1"]
[WhiteElo "2611"]
[BlackElo "2678"]
[PlyCount "152"]
[EventDate "2014.06.16"]
[EventType "swiss (rapid)"]
[EventRounds "15"]
[EventCountry "UAE"]
[SourceTitle "CBM 160 Extra"]
[Source "ChessBase"]
[SourceDate "2014.07.01"]
[SourceVersion "1"]
[SourceVersionDate "2014.07.01"]
[SourceQuality "1"]

1. Nf3 d5 2. g3 c6 3. Bg2 Bf5 4. c4 e6 5. cxd5 exd5 6. O-O Nf6 7. d3 Be7 8. Qb3 Qb6 9. Qc2 O-O 10. Nc3 Na6 11. e4 Bg6 12. Be3 Nb4 13. Qb3 Qa6 14. Ne5 Rad8 15. Nxg6 hxg6 16. e5 Ng4 17. d4 Qc4 18. Qd1 Nxe3 19. fxe3 Qd3 20. a3 Qxe3+ 21. Kh1 Na6 22. Rf3 Qh6 23. Qb3 Rb8 24. Raf1 Nc7 25. Ne2 Qd2 26. R3f2 Ne6 27. Rd1 Qh6 28. Nf4 g5 29. Nxe6 Qxe6 30. Qd3 f5 31. exf6 Bxf6 32. Re2 Qd7 33. Rde1 Rbe8 34. Bh3 Rxe2 35. Bxd7 Rxe1+ 36. Kg2 Rf7 37. Bg4 Re4 38. Bf5 Rxd4 39. Qe2 Re7 40. Qh5 Rd2+ 41. Kf3 Ree2 42. Qh7+ Kf7 43. h3 Rxb2 44. Kg4 Re3 45. Qh8 Be5 46. Bg6+ Ke7 47. Qe8+ Kd6 48. Qd8+ Kc5 49. Qa5+ Kd6 50. Qd8+ Kc5 51. Qa5+ Rb5 52. Qxa7+ b6 53. Qe7+ Kd4 54. Qd7 Rxg3+ 55. Kh5 Rc5 56. Qf5 Rcc3 57. Qf2+ Rge3 58. Bf5 Rxa3 59. Bd7 Rac3 60. Qb2 Kc5 61. Qf2 b5 62. Qf8+ Bd6 63. Qc8 Kb6 64. Qa8 Rxh3+ 65. Kg6 Rhe3 66. Bc8 Re7 67. Qa6+ Kc5 68. Qa1 d4 69. Bf5 g4 70. Qd1 g3 71. Bh3 g2 72. Bxg2 Rg3+ 73. Kh7 Rxg2 74. Kg8 Rg3 75. Qh5+ g5 76. Qg6 Ra3 0-1

[Event "Wch Rapid"]
[Site "Dubai"]
[Date "2014.06.17"]
[Round "8"]
[White "Zhigalko, Sergei"]
[Black "Ganguly, Surya Shekhar"]
[Result "1-0"]
[WhiteElo "2678"]
[BlackElo "2619"]
[PlyCount "111"]
[EventDate "2014.06.16"]
[EventType "swiss (rapid)"]
[EventRounds "15"]
[EventCountry "UAE"]
[SourceTitle "CBM 160 Extra"]
[Source "ChessBase"]
[SourceDate "2014.07.01"]
[SourceVersion "1"]
[SourceVersionDate "2014.07.01"]
[SourceQuality "1"]

1. e4 c5 2. Nf3 e6 3. c3 Nc6 4. d4 d5 5. e5 Qb6 6. a3 Nh6 7. b4 cxd4 8. cxd4 Nf5 9. Be3 f6 10. exf6 gxf6 11. Bd3 Nxe3 12. fxe3 Bh6 13. Qe2 e5 14. Nc3 Be6 15. Nh4 Bg5 16. Nf5 Bxf5 17. Bxf5 Ne7 18. O-O exd4 19. Na4 Bxe3+ 20. Kh1 Qc6 21. Qh5+ Kd8 22. Nc5 Nxf5 23. Rxf5 Ke7 24. Raf1 Rag8 25. Rxf6 Qxf6 26. Rxf6 Kxf6 27. Qxd5 Re8 28. Qxb7 Re7 29. Qf3+ Kg7 30. Qg4+ Kf6 31. Nd7+ Rxd7 32. Qxd7 h6 33. g3 Rf8 34. Qxa7 Rd8 35. Kg2 Ke6 36. Kf3 Rc8 37. Ke4 Kd6 38. Qb6+ Kd7 39. a4 Bg1 40. a5 Re8+ 41. Kd5 Ke7 42. Qe6+ Kf8 43. Qf6+ Kg8 44. Qg6+ Kf8 45. Qxh6+ Kg8 46. Qg6+ Kf8 47. Qf5+ Kg8 48. Kc4 Re3 49. Qd5+ Kf8 50. Qxd4 Re1 51. Qh8+ Ke7 52. b5 Kd7 53. b6 Rc1+ 54. Kd3 Rd1+ 55. Ke2 Rd6 56. b7 1-0

[Event "TUR-chT"]
[Site "Kocaeli"]
[Date "2014.08.19"]
[Round "2.6"]
[White "Zhigalko, Sergei"]
[Black "Grachev, Boris V"]
[Result "1-0"]
[WhiteElo "2678"]
[BlackElo "2672"]
[PlyCount "81"]
[EventDate "2014.08.18"]
[EventType "team-tourn"]
[EventRounds "13"]
[EventCountry "TUR"]
[SourceTitle "CBM 162 Extra"]
[Source "ChessBase"]
[SourceDate "2014.10.17"]
[SourceVersion "1"]
[SourceVersionDate "2014.10.17"]
[SourceQuality "1"]
[WhiteTeam "Kahramanmaras Buyuksehir"]
[BlackTeam "Akdeniz Belediyesi"]
[WhiteTeamCountry "TUR"]
[BlackTeamCountry "TUR"]

1. e4 c5 2. Nf3 e6 3. c3 d5 4. exd5 Qxd5 5. d4 Nf6 6. Na3 Be7 7. Nb5 Na6 8. Be2 O-O 9. O-O Qd8 10. Bf4 cxd4 11. Nbxd4 Nc5 12. Qc2 Bd6 13. Bg5 e5 14. Nf5 Nce4 15. Nxd6 Qxd6 16. Rad1 Qc7 17. Bh4 h6 18. Rfe1 Be6 19. Bd3 Nc5 20. Nxe5 Nxd3 21. Nxd3 Nh5 22. Qa4 g5 23. Bg3 Nxg3 24. hxg3 Rfd8 25. Nc1 Rxd1 26. Rxd1 Rd8 27. Rxd8+ Qxd8 28. Qd4 Qa5 29. a3 Qb5 30. Nd3 Qb3 31. Kh2 Bf5 32. Qd8+ Kg7 33. Nb4 Be6 34. Qd2 a5 35. Nd3 b6 36. Ne5 f6 37. Nc6 Qc4 38. Qd6 Qe2 39. Qe7+ Kg6 40. Qe8+ Kh7 41. Nd4 1-0

[Event "TUR-chT"]
[Site "Kocaeli"]
[Date "2014.08.20"]
[Round "3.1"]
[White "Guner, Sati Emre"]
[Black "Zhigalko, Sergei"]
[Result "0-1"]
[WhiteElo "2041"]
[BlackElo "2678"]
[PlyCount "96"]
[EventDate "2014.08.18"]
[EventType "team-tourn"]
[EventRounds "13"]
[EventCountry "TUR"]
[SourceTitle "CBM 162 Extra"]
[Source "ChessBase"]
[SourceDate "2014.10.17"]
[SourceVersion "1"]
[SourceVersionDate "2014.10.17"]
[SourceQuality "1"]
[WhiteTeam "Aliaga Genclik"]
[BlackTeam "Kahramanmaras Buyuksehir"]
[WhiteTeamCountry "TUR"]
[BlackTeamCountry "TUR"]

1. e4 c5 2. Nf3 d6 3. d4 cxd4 4. Qxd4 a6 5. Be3 Nf6 6. Nc3 Nfd7 7. Bc4 e6 8. O-O Nc6 9. Qd2 Be7 10. Rad1 b5 11. Bb3 Nc5 12. Rfe1 Qc7 13. Bf4 Ne5 14. Nd4 O-O 15. Bg3 Bb7 16. a3 Rad8 17. Ba2 Rfe8 18. f3 Bf6 19. Bf2 Qb8 20. Be3 h6 21. Qf2 Ba8 22. Nce2 b4 23. axb4 Qxb4 24. Bc1 a5 25. c3 Qb6 26. Bb1 Qa6 27. Ng3 Ned3 28. Bxd3 Nxd3 29. Qe2 Nc5 30. Nh5 Bxd4+ 31. Rxd4 Qxe2 32. Rxe2 Nb3 33. Rd1 d5 34. exd5 Bxd5 35. Ree1 a4 36. Bxh6 gxh6 37. Nf6+ Kf8 38. Nxe8 Rxe8 39. Kf2 Rb8 40. Ke3 Na5 41. Re2 Nc4+ 42. Kd4 Ke7 43. Ra1 Kd6 44. Rb1 Rb3 45. Ree1 Nxb2 46. Re2 Nc4 47. Rxb3 axb3 48. Kd3 e5 0-1